000 00349nam a2200133Ia 4500
008 150202s9999 xx 000 0 und d
020 _a821769278
050 _aFIC
_bFIC
100 _aMichaels, Fern.
245 _aPlain Jane /
_cFern Michaels.
260 _aNew York :
_bZebra Books,
_c2001.
300 _a384 pages :
_c18 cm.
650 _aFiction.
999 _c282278
_d282278